Frank Lloyd Wright /

Enregistré dans:
Détails bibliographiques
Auteur principal: Pfeiffer, Bruce Brooks (Auteur)
Autres auteurs: Gössel, Peter (Éditeur intellectuel)
Format: Livre
Langue:anglais
Publié: Köln, Germany : Taschen, 2015
Sujets:
Tags: Ajouter un tag
Pas de tags, Soyez le premier à ajouter un tag!

MARC

LEADER 00000nam a22000003a 4500
001 0018007
003 SK-STU
005 20161017114211.9
007 ta
008 161017s ----xo-----e------000-0-----d
020 |a 978-3-8365-5598-2 
040 |a STU  |b slo 
041 0 |a eng 
044 |a gw 
100 1 |a Pfeiffer, Bruce Brooks  |4 aut 
245 1 0 |a Frank Lloyd Wright /  |c ed. Peter Gössel 
260 |a Köln, Germany :  |b Taschen,  |c 2015 
300 |a 504 s. 
650 0 7 |a architekti - Amerika 
650 0 7 |a otvorená kancelária 
650 0 7 |a openspace 
650 0 7 |a sakrálna stavba 
650 0 7 |a obytná budova 
650 0 7 |a projektová kancelária 
650 0 7 |a pôdorysy 
650 0 7 |a footprint 
650 0 7 |a family houses 
700 1 |a Gössel, Peter  |4 edt 
996 |b 284AU06821  |c A* 9898/U  |l AAKNST  |s P  |a 0  |w 0018007_0001